[Event "Esbjerg 100 Years Weekend"]
[Site "Esbjerg"]
[Date "2022.10.23"]
[Round "7"]
[White "Rossen, Claus"]
[Black "Schmidt, Tommy B"]
[Result "1/2-1/2"]
[WhiteElo "2105"]
[BlackElo "2165"]
[PlyCount "65"]
[EventDate "2022.10.21"]
[EventType "swiss"]
[EventRounds "7"]
[EventCountry "DEN"]
[SourceTitle "EXT 2024"]
[Source "ChessBase"]
[SourceDate "2023.10.10"]
[SourceVersion "1"]
[SourceVersionDate "2023.10.10"]
[SourceQuality "1"]

1. d4 Nf6 2. c4 g6 3. Nc3 Bg7 4. e4 d6 5. f3 0-0 6. Be3 a6 7. Qd2 Nbd7 8. Nh3 c5 9. d5 b5 10. cxb5 Qa5 11. bxa6 Ne5 12. Nf2 Bxa6 13. Bxa6 Qxa6 14. b3 Rfb8 15. Rb1 Rb4 16. Qe2 c4 17. 0-0 Qa3 18. Bc1 Qa5 19. Bd2 cxb3 20. axb3 Qa3 21. f4 Ned7 22. e5 Ne8 23. e6 Nc5 24. exf7+ Kxf7 25. Rfe1 Rxb3 26. Qxe7+ Kg8 27. Nce4 Rxb1 28. Rxb1 Qa2 29. Rd1 Qxd5 30. Bc3 Qb7 31. Qxb7 Nxb7 32. Bxg7 Kxg7 33. Rb1 1/2-1/2

[Event "Esbjerg 100 Years Weekend"]
[Site "Esbjerg"]
[Date "2022.10.22"]
[Round "4"]
[White "Schmidt, Tommy B"]
[Black "Borsos, Bogdan"]
[Result "0-1"]
[WhiteElo "2165"]
[BlackElo "2170"]
[PlyCount "109"]
[EventDate "2022.10.21"]
[EventType "swiss"]
[EventRounds "7"]
[EventCountry "DEN"]
[SourceTitle "EXT 2024"]
[Source "ChessBase"]
[SourceDate "2023.10.10"]
[SourceVersion "1"]
[SourceVersionDate "2023.10.10"]
[SourceQuality "1"]

1. d4 Nf6 2. c4 e6 3. Nf3 Bb4+ 4. Bd2 Qe7 5. g3 Nc6 6. Nc3 Bxc3 7. Bxc3 Ne4 8. Rc1 0-0 9. Bg2 d6 10. 0-0 a5 11. Be1 Nf6 12. b3 e5 13. Bc3 e4 14. Ne1 d5 15. cxd5 Nxd5 16. Bb2 Rd8 17. a3 Bg4 18. Nc2 Bh5 19. Qd2 Bg6 20. Rfd1 Qe6 21. Ne3 Nxe3 22. Qxe3 Ne7 23. d5 Nxd5 24. Qd4 f6 25. Rc4 Qe7 26. Rcc1 Nf4 27. Qe3 Nxg2 28. Kxg2 b6 29. b4 axb4 30. Qb3+ Bf7 31. Qxb4 Qxb4 32. axb4 Rxd1 33. Rxd1 Bc4 34. Rd4 Bb5 35. Bc1 Ra2 36. Rd8+ Kf7 37. Rc8 c6 38. Be3 Rb2 39. Bxb6 Rxb4 40. Bc5 Rc4 41. Be3 Rc2 42. h4 Bxe2 43. Rb8 c5 44. Rb1 h5 45. Rb7+ Kg6 46. Rc7 c4 47. Kh2 Rb2 48. g4 hxg4 49. Kg3 Rb5 50. Kf4 Re5 51. Bd4 Rh5 52. Kg3 Rf5 53. Be3 Rf3+ 54. Kg2 Rh3 55. Re7 0-1

[Event "Goch op 27th"]
[Site "Goch"]
[Date "2016.09.04"]
[Round "7"]
[White "Korten, Lando"]
[Black "Schmidt, Tommy B"]
[Result "1-0"]
[WhiteElo "2105"]
[BlackElo "2184"]
[PlyCount "127"]
[EventDate "2016.09.01"]
[EventType "swiss"]
[EventRounds "7"]
[EventCountry "GER"]
[SourceTitle "EXT 2018"]
[Source "ChessBase"]
[SourceDate "2017.10.13"]
[SourceVersion "1"]
[SourceVersionDate "2017.10.13"]
[SourceQuality "1"]

1. d4 Nf6 2. c4 g6 3. Nc3 Bg7 4. e4 d6 5. h3 0-0 6. Be3 Na6 7. Bd3 e5 8. d5 Nc5 9. Bc2 a5 10. g4 Bd7 11. Nge2 c6 12. dxc6 Bxc6 13. Ng3 Ne6 14. Nge2 Nc7 15. Qd3 Na6 16. Qd2 Nb4 17. Bb1 Qb8 18. 0-0 a4 19. Nd5 Nbxd5 20. cxd5 Be8 21. Bd3 b5 22. Qb4 Bd7 23. Rac1 Ne8 24. Ng3 Qd8 25. Kg2 Bf6 26. Qd2 Bg7 27. Rc2 Rb8 28. a3 Bf6 29. Rfc1 Rb7 30. Rb1 Qb8 31. b3 Ng7 32. bxa4 bxa4 33. Rcb2 Rxb2 34. Rxb2 Qa8 35. Qb4 Be7 36. Qb7 Qe8 37. Bh6 f6 38. Qc7 Qc8 39. Qxc8 Rxc8 40. Rb7 Rd8 41. Be3 Kf7 42. Bb6 Bc8 43. Bxd8 Bxb7 44. Bb6 f5 45. f3 fxe4 46. fxe4 h5 47. gxh5 gxh5 48. Bb5 Bg5 49. Ne2 h4 50. Bxa4 Ba6 51. Bd1 Bd3 52. Kf3 Nh5 53. Nc3 Nf4 54. Be2 Bc2 55. a4 Nxh3 56. a5 Bd2 57. a6 Ng5+ 58. Kg4 h3 59. Bf1 h2 60. Bg2 Kg6 61. a7 Bxc3 62. a8Q Bd1+ 63. Kg3 Be1+ 64. Kxh2 1-0

[Event "Goch op 27th"]
[Site "Goch"]
[Date "2016.09.04"]
[Round "6"]
[White "Schmidt, Tommy B"]
[Black "Schaefer, Heiko"]
[Result "1-0"]
[WhiteElo "2184"]
[BlackElo "2038"]
[PlyCount "103"]
[EventDate "2016.09.01"]
[EventType "swiss"]
[EventRounds "7"]
[EventCountry "GER"]
[SourceTitle "EXT 2018"]
[Source "ChessBase"]
[SourceDate "2017.10.13"]
[SourceVersion "1"]
[SourceVersionDate "2017.10.13"]
[SourceQuality "1"]

1. d4 d5 2. c4 e6 3. Nc3 c6 4. e3 f5 5. Nf3 Nf6 6. Bd3 Bd6 7. 0-0 0-0 8. b3 Ne4 9. Bb2 Nd7 10. Qc2 g5 11. cxd5 exd5 12. Ne2 g4 13. Ne5 Qf6 14. Bxe4 fxe4 15. Nxg4 Qg5 16. Ne5 Bxe5 17. dxe5 Nxe5 18. Qc3 Bg4 19. Qxe5 Qxe5 20. Bxe5 Bxe2 21. Rfc1 Rae8 22. Bg3 Rc8 23. Rc2 Bd3 24. Rc3 b6 25. b4 Bc4 26. a4 Kf7 27. a5 c5 28. bxc5 bxc5 29. Rb1 Ke6 30. Rb7 Rf7 31. Rxf7 Kxf7 32. f3 Bd3 33. Bd6 c4 34. Be5 Rc6 35. f4 Ke6 36. Bd4 Ra6 37. Ra3 Be2 38. Kf2 Bd1 39. Ke1 Bb3 40. g4 Rc6 41. Kd2 a6 42. Kc3 Bd1 43. f5+ Kf7 44. h3 Rh6 45. Ra1 Bf3 46. Rg1 Rxh3 47. g5 Bh5 48. Rb1 Bg4 49. Rb6 Rh1 50. g6+ hxg6 51. fxg6+ Ke7 52. g7 1-0

[Event "Goch op 27th"]
[Site "Goch"]
[Date "2016.09.03"]
[Round "5"]
[White "Nagel, Bernhard"]
[Black "Schmidt, Tommy B"]
[Result "1/2-1/2"]
[WhiteElo "2230"]
[BlackElo "2184"]
[PlyCount "88"]
[EventDate "2016.09.01"]
[EventType "swiss"]
[EventRounds "7"]
[EventCountry "GER"]
[SourceTitle "EXT 2018"]
[Source "ChessBase"]
[SourceDate "2017.10.13"]
[SourceVersion "1"]
[SourceVersionDate "2017.10.13"]
[SourceQuality "1"]

1. Nf3 Nf6 2. c4 g6 3. Nc3 Bg7 4. g3 0-0 5. Bg2 d6 6. d4 Nc6 7. 0-0 a6 8. Bf4 Rb8 9. Rc1 Bd7 10. Nd5 Nh5 11. Be3 e6 12. Nf4 Nxf4 13. Bxf4 e5 14. dxe5 dxe5 15. Bg5 f6 16. Qd5+ Rf7 17. Be3 Qe8 18. Qd1 Be6 19. Qa4 Rd7 20. c5 Qf7 21. b3 Rbd8 22. Rc2 e4 23. Nd2 Nd4 24. Bxd4 Rxd4 25. Nc4 f5 26. e3 Rd1 27. Rc1 Rxc1 28. Rxc1 Bxc4 29. Qxc4 Qxc4 30. Rxc4 Bf8 31. Bf1 Kg7 32. Rc2 c6 33. Be2 Kf6 34. h4 Rd5 35. b4 Rd7 36. Kf1 Bg7 37. Ke1 Ke7 38. Bc4 h6 39. Ke2 Be5 40. a4 Kf6 41. b5 axb5 42. axb5 cxb5 43. Bxb5 Rc7 44. c6 bxc6 1/2-1/2

[Event "Goch op 27th"]
[Site "Goch"]
[Date "2016.09.02"]
[Round "3"]
[White "Bub, Volker"]
[Black "Schmidt, Tommy B"]
[Result "1/2-1/2"]
[WhiteElo "2089"]
[BlackElo "2184"]
[PlyCount "31"]
[EventDate "2016.09.01"]
[EventType "swiss"]
[EventRounds "7"]
[EventCountry "GER"]
[SourceTitle "EXT 2018"]
[Source "ChessBase"]
[SourceDate "2017.10.13"]
[SourceVersion "1"]
[SourceVersionDate "2017.10.13"]
[SourceQuality "1"]

1. e4 e6 2. d3 d5 3. Nd2 c5 4. Ngf3 Nc6 5. g3 g6 6. Bg2 Bg7 7. 0-0 Nge7 8. Re1 b6 9. exd5 exd5 10. d4 0-0 11. dxc5 bxc5 12. Nb3 Qb6 13. c3 Bg4 14. h3 Bxf3 15. Bxf3 Rad8 16. Bg5 1/2-1/2

[Event "DEN-chB"]
[Site "Helsingor"]
[Date "2013.03.29"]
[Round "5"]
[White "Jensen, Bjarke"]
[Black "Schmidt, Tommy B"]
[Result "1/2-1/2"]
[WhiteElo "2288"]
[BlackElo "2195"]
[PlyCount "55"]
[EventDate "2013.03.26"]
[EventType "swiss"]
[EventRounds "7"]
[EventCountry "DEN"]
[SourceTitle "EXT 2014"]
[Source "ChessBase"]
[SourceDate "2013.11.20"]
[SourceVersion "1"]
[SourceVersionDate "2013.11.20"]
[SourceQuality "1"]

1. e4 e5 2. Nf3 Nc6 3. Bb5 a6 4. Ba4 Nf6 5. 0-0 Be7 6. Bxc6 dxc6 7. Nxe5 Nxe4 8. Re1 Nf6 9. Qe2 Be6 10. d3 Nd7 11. Nc3 Nxe5 12. Qxe5 0-0 13. Ne4 Bd6 14. Qh5 Qd7 15. Bd2 Bf5 16. Bc3 Bg6 17. Qg5 Be7 18. Qf4 Rae8 19. Re3 f6 20. Rae1 Bd6 21. Nxd6 cxd6 22. h4 d5 23. g4 h5 24. Rxe8 Rxe8 25. Rxe8+ Qxe8 26. g5 fxg5 27. hxg5 Kh7 28. Qd4 1/2-1/2

[Event "DEN-chB"]
[Site "Helsingor"]
[Date "2013.03.29"]
[Round "4"]
[White "Schmidt, Tommy B"]
[Black "Haubro, Martin"]
[Result "1-0"]
[WhiteElo "2195"]
[BlackElo "2186"]
[PlyCount "87"]
[EventDate "2013.03.26"]
[EventType "swiss"]
[EventRounds "7"]
[EventCountry "DEN"]
[SourceTitle "EXT 2014"]
[Source "ChessBase"]
[SourceDate "2013.11.20"]
[SourceVersion "1"]
[SourceVersionDate "2013.11.20"]
[SourceQuality "1"]

1. d4 Nf6 2. c4 c5 3. d5 e6 4. Nc3 exd5 5. cxd5 d6 6. Nf3 g6 7. Bf4 a6 8. a4 Bg7 9. h3 0-0 10. e3 Qe7 11. Nd2 Nbd7 12. Be2 Ne8 13. 0-0 Nc7 14. Nde4 Ne8 15. Re1 f5 16. Nd2 Nc7 17. Nc4 Ne5 18. Nb6 Rb8 19. a5 Bd7 20. Rb1 Na8 21. Nxd7 Qxd7 22. b4 c4 23. Qc2 Rfc8 24. Rec1 b5 25. e4 Rf8 26. exf5 Qxf5 27. Qxf5 Rxf5 28. Bg3 Re8 29. Re1 Nc7 30. Ne4 Nf7 31. Nxd6 Nxd6 32. Bxd6 Nxd5 33. Bg4 Rd8 34. Bxf5 gxf5 35. Be5 Bf8 36. Red1 Kf7 37. Rb2 Rd7 38. Bh8 Ke6 39. Re2+ Kd6 40. Re8 Be7 41. Ra8 Kc6 42. Rxa6+ Kb7 43. Re6 Bxb4 44. a6+ 1-0

[Event "DEN-chB"]
[Site "Helsingor"]
[Date "2013.03.29"]
[Round "3"]
[White "Thuesen, Mogens Henrik"]
[Black "Schmidt, Tommy B"]
[Result "1/2-1/2"]
[WhiteElo "2261"]
[BlackElo "2195"]
[PlyCount "34"]
[EventDate "2013.03.26"]
[EventType "swiss"]
[EventRounds "7"]
[EventCountry "DEN"]
[SourceTitle "EXT 2014"]
[Source "ChessBase"]
[SourceDate "2013.11.20"]
[SourceVersion "1"]
[SourceVersionDate "2013.11.20"]
[SourceQuality "1"]

1. d4 Nf6 2. Bg5 d5 3. Bxf6 gxf6 4. c4 c5 5. e3 cxd4 6. exd4 Nc6 7. Nc3 Be6 8. Nf3 Qd7 9. cxd5 Bxd5 10. Nxd5 Qxd5 11. Be2 Qa5+ 12. Kf1 Rd8 13. Qb3 Qb6 14. Qxb6 axb6 15. Rd1 e6 16. g3 Bg7 17. Kg2 Ke7 1/2-1/2

[Event "Hillerod NSU op-A"]
[Site "Hillerod"]
[Date "2013.01.06"]
[Round "5"]
[White "Ostergaard, Jens"]
[Black "Schmidt, Tommy B"]
[Result "1/2-1/2"]
[WhiteElo "2287"]
[BlackElo "2194"]
[PlyCount "106"]
[EventDate "2013.01.04"]
[EventType "swiss"]
[EventRounds "5"]
[EventCountry "DEN"]
[SourceTitle "EXT 2018"]
[Source "ChessBase"]
[SourceDate "2017.10.13"]
[SourceVersion "1"]
[SourceVersionDate "2017.10.13"]
[SourceQuality "1"]

1. d4 Nf6 2. Nf3 g6 3. c4 Bg7 4. Nc3 0-0 5. e4 d6 6. Be2 Na6 7. 0-0 e5 8. Be3 Ng4 9. Bg5 Qe8 10. dxe5 dxe5 11. Nd2 f6 12. Bh4 h5 13. a3 Be6 14. h3 Nh6 15. b4 Rd8 16. Ra2 Qd7 17. Nb3 Qf7 18. Rd2 Rxd2 19. Qxd2 g5 20. Bg3 h4 21. Bh2 g4 22. hxg4 Nxg4 23. b5 Bh6 24. Qd3 Nxh2 25. Kxh2 Nb8 26. Nc5 Bc8 27. Qd5 b6 28. Qxf7+ Rxf7 29. Nd3 c5 30. Nd5 Kg7 31. f4 Be6 32. fxe5 fxe5 33. Rxf7+ Bxf7 34. Kh3 Nd7 35. Kxh4 Bxd5 36. cxd5 c4 37. Nb4 c3 38. Bd1 Nc5 39. Bc2 Kf6 40. Kh5 Bc1 41. a4 Bd2 42. g4 Nb7 43. Kh4 Nd6 44. Kg3 Nc4 45. Kf3 Kg5 46. Ke2 Kxg4 47. Nc6 Kf4 48. Nxa7 Nd6 49. Nc6 Nxe4 50. a5 bxa5 51. b6 Nd6 52. Nxa5 e4 53. Nc4 Nb7 1/2-1/2

[Event "Copenhagen Challenge"]
[Site "Ballerup"]
[Date "2011.05.20"]
[Round "5"]
[White "Tandrup, Michael"]
[Black "Schmidt, Tommy B"]
[Result "0-1"]
[WhiteElo "1963"]
[BlackElo "2143"]
[PlyCount "76"]
[EventDate "2011.05.18"]
[EventType "swiss"]
[EventRounds "9"]
[EventCountry "DEN"]
[SourceTitle "EXT 2018"]
[Source "ChessBase"]
[SourceDate "2017.10.13"]
[SourceVersion "1"]
[SourceVersionDate "2017.10.13"]
[SourceQuality "1"]

1. d4 Nf6 2. Nf3 g6 3. g3 Bg7 4. Bg2 0-0 5. 0-0 d6 6. c4 Nc6 7. d5 Na5 8. Qa4 c5 9. Nfd2 a6 10. Nb3 Nxb3 11. Qxb3 b5 12. Nc3 Bd7 13. cxb5 axb5 14. Qd1 b4 15. Ne4 Qb6 16. Nd2 Bb5 17. Re1 Nd7 18. Nf3 Ra7 19. a3 bxa3 20. Rxa3 Rb8 21. Rxa7 Qxa7 22. b3 Qa2 23. Bg5 Kf8 24. e4 Ba6 25. Nd2 h6 26. Bf4 Bd3 27. Bf1 Bc2 28. Qc1 g5 29. Be3 Ne5 30. f4 Ng4 31. Kg2 Bxe4+ 32. Kh3 Bf5 33. Kg2 Rxb3 34. Bc4 Nxe3+ 35. Rxe3 Rb1 36. Bxa2 Rxc1 37. Bb3 Bd4 38. Rf3 Rg1# 0-1

[Event "Hillerod NSU op"]
[Site "Hillerod"]
[Date "2011.01.08"]
[Round "2"]
[White "Schmidt, Tommy B"]
[Black "Eriksson, Christian Altenburg"]
[Result "1/2-1/2"]
[WhiteElo "2124"]
[BlackElo "2107"]
[PlyCount "37"]
[EventDate "2011.01.07"]
[EventType "swiss"]
[EventRounds "5"]
[EventCountry "DEN"]
[SourceTitle "EXT 2018"]
[Source "ChessBase"]
[SourceDate "2017.10.13"]
[SourceVersion "1"]
[SourceVersionDate "2017.10.13"]
[SourceQuality "1"]

1. d4 d5 2. c4 c6 3. Nf3 Nf6 4. e3 e6 5. b3 Nbd7 6. Bd3 b6 7. Bb2 Bb7 8. cxd5 cxd5 9. 0-0 Be7 10. Qe2 0-0 11. Rc1 Rc8 12. Nc3 g6 13. Ne5 Nb8 14. Nb5 a6 15. Rxc8 Bxc8 16. Nc3 Bb7 17. Na4 Qd6 18. Rc1 Rc8 19. Rxc8+ 1/2-1/2

[Event "Hillerod NSU op"]
[Site "Hillerod"]
[Date "2011.01.08"]
[Round "3"]
[White "Schmidt, Tommy B"]
[Black "Mortensen, Jan T"]
[Result "1-0"]
[WhiteElo "2124"]
[BlackElo "1980"]
[PlyCount "71"]
[EventDate "2011.01.07"]
[EventType "swiss"]
[EventRounds "5"]
[EventCountry "DEN"]
[SourceTitle "EXT 2018"]
[Source "ChessBase"]
[SourceDate "2017.10.13"]
[SourceVersion "1"]
[SourceVersionDate "2017.10.13"]
[SourceQuality "1"]

1. d4 g6 2. c4 Bg7 3. e4 b6 4. Nc3 c5 5. d5 Nh6 6. Nf3 f6 7. Be2 Nf7 8. 0-0 0-0 9. Qc2 Na6 10. a3 Nc7 11. Rd1 Ne8 12. b3 Bb7 13. Bb2 Rc8 14. Bf1 Qc7 15. g3 Rd8 16. Bh3 Bc8 17. Bf1 Ned6 18. b4 Nb7 19. bxc5 Nxc5 20. Nb5 Qb8 21. a4 Nd6 22. Nxd6 Qxd6 23. a5 Bb7 24. Nd4 Rc8 25. Nb5 Qb8 26. axb6 axb6 27. Rdb1 f5 28. Bxg7 Kxg7 29. Na7 Nxe4 30. Nxc8 Qxc8 31. Qb2+ Kh6 32. Qxb6 Nc5 33. Ra5 Qb8 34. Rxc5 f4 35. Rc7 fxg3 36. hxg3 1-0

[Event "DEN-chB"]
[Site "Hillerod"]
[Date "2010.04.02"]
[Round "4"]
[White "Schmidt, Tommy B"]
[Black "Kryger, Oksana"]
[Result "1/2-1/2"]
[WhiteElo "2086"]
[BlackElo "2145"]
[PlyCount "36"]
[EventDate "2010.03.30"]
[EventType "swiss"]
[EventRounds "7"]
[EventCountry "DEN"]
[SourceTitle "CBM 135 Extra"]
[Source "ChessBase"]
[SourceDate "2010.05.04"]
[SourceVersion "1"]
[SourceVersionDate "2010.05.04"]
[SourceQuality "1"]

1. d4 Nf6 2. Nf3 e6 3. e3 c5 4. Bd3 b6 5. 0-0 Bb7 6. Nbd2 Be7 7. b3 0-0 8. Bb2 Nc6 9. a3 Qc7 10. Rc1 d6 11. c4 a5 12. Nb1 cxd4 13. exd4 Rac8 14. Re1 d5 15. Nc3 Rfd8 16. cxd5 Nxd5 17. Nxd5 exd5 18. Ne5 Bg5 1/2-1/2

[Event "DEN-chB"]
[Site "Hillerod"]
[Date "2010.03.31"]
[Round "2"]
[White "Andersen, Ib Hother"]
[Black "Schmidt, Tommy B"]
[Result "1-0"]
[WhiteElo "2157"]
[BlackElo "2086"]
[PlyCount "67"]
[EventDate "2010.03.30"]
[EventType "swiss"]
[EventRounds "7"]
[EventCountry "DEN"]
[SourceTitle "CBM 135 Extra"]
[Source "ChessBase"]
[SourceDate "2010.05.04"]
[SourceVersion "1"]
[SourceVersionDate "2010.05.04"]
[SourceQuality "1"]

1. e4 c5 2. Nf3 d6 3. d4 cxd4 4. Nxd4 Nf6 5. Nc3 Nc6 6. Bg5 e6 7. Qd2 a6 8. 0-0-0 Bd7 9. Kb1 Qc7 10. f4 h6 11. Bh4 Be7 12. Nf3 0-0-0 13. Bd3 Be8 14. Rhe1 Nd7 15. Bxe7 Nxe7 16. Bf1 Nc5 17. Qe3 Kb8 18. Nd4 Na4 19. Nxa4 Bxa4 20. Qa3 Bd7 21. Nb3 Bc8 22. g3 g5 23. Re3 Ng6 24. Rc3 Qe7 25. f5 exf5 26. exf5 Bxf5 27. Nd4 Bc8 28. Bxa6 Ne5 29. Bf1 Bd7 30. Bg2 Rc8 31. Qb4 Bg4 32. Re1 Rxc3 33. Rxe5 Qc7 34. Rb5 1-0

[Event "DEN-chB"]
[Site "Hillerod"]
[Date "2010.03.30"]
[Round "1"]
[White "Schmidt, Tommy B"]
[Black "Pedersen, Christopher RNH"]
[Result "1-0"]
[WhiteElo "2086"]
[BlackElo "2098"]
[PlyCount "89"]
[EventDate "2010.03.30"]
[EventType "swiss"]
[EventRounds "7"]
[EventCountry "DEN"]
[SourceTitle "CBM 135 Extra"]
[Source "ChessBase"]
[SourceDate "2010.05.04"]
[SourceVersion "1"]
[SourceVersionDate "2010.05.04"]
[SourceQuality "1"]

1. d4 d5 2. c4 c6 3. Nf3 Nf6 4. e3 e6 5. b3 Nbd7 6. Bb2 Bd6 7. Nbd2 Nf8 8. Bd3 Ng6 9. 0-0 Ng4 10. h3 Nf6 11. Ne5 dxc4 12. Ndxc4 Bc7 13. Qc2 0-0 14. Rac1 Nd5 15. a3 Re8 16. Qe2 Nf8 17. Bb1 f6 18. Nd3 b5 19. Nd2 Qd6 20. f4 Ne7 21. e4 Bb6 22. Nf3 Nfg6 23. g3 e5 24. Kh2 exf4 25. g4 Nh4 26. e5 fxe5 27. dxe5 Qh6 28. Nxh4 Qxh4 29. Nxf4 Nd5 30. Nxd5 cxd5 31. Rf4 h5 32. Kg2 hxg4 33. hxg4 Bb7 34. Rh1 Qg5 35. Bh7+ Kh8 36. Kg3 Re7 37. Bd3+ Kg8 38. Bh7+ Kh8 39. Bd3+ Kg8 40. Bh7+ Kh8 41. Bb1+ Kg8 42. Rh5 Qxf4+ 43. Kxf4 Rf8+ 44. Rf5 Rc8 45. Kg3 1-0

[Event "Copenhagen Challenge"]
[Site "Ballerup"]
[Date "2010.??.??"]
[Round "9"]
[White "Schmidt, Tommy B"]
[Black "Rostgaard, Tobias Valentin"]
[Result "1/2-1/2"]
[WhiteElo "2203"]
[BlackElo "2037"]
[PlyCount "61"]
[EventDate "2010.04.28"]
[EventType "swiss"]
[EventRounds "9"]
[EventCountry "DEN"]
[SourceTitle "EXT 2018"]
[Source "ChessBase"]
[SourceDate "2017.10.13"]
[SourceVersion "1"]
[SourceVersionDate "2017.10.13"]
[SourceQuality "1"]

1. d4 Nf6 2. c4 e6 3. g3 Bb4+ 4. Bd2 Qe7 5. Bg2 Nc6 6. a3 Bxd2+ 7. Qxd2 0-0 8. Nc3 a5 9. e4 d6 10. Nge2 e5 11. 0-0 Bg4 12. f3 Bh5 13. g4 Bg6 14. Nd5 Qd8 15. b4 Re8 16. b5 Nxd4 17. Nxd4 exd4 18. Qxd4 b6 19. Nxf6+ Qxf6 20. Qxf6 gxf6 21. Rfd1 h5 22. h3 h4 23. Rd4 Re7 24. Kf2 Kg7 25. Bf1 Kh6 26. Rd2 Kg5 27. Ke3 Rae8 28. Rd4 Kh6 29. Kf4 Re5 30. Rad1 Kg7 31. Bg2 1/2-1/2

[Event "Copenhagen Challenge"]
[Site "Ballerup"]
[Date "2010.??.??"]
[Round "6"]
[White "Tandrup, Michael"]
[Black "Schmidt, Tommy B"]
[Result "1/2-1/2"]
[WhiteElo "1954"]
[BlackElo "2203"]
[PlyCount "36"]
[EventDate "2010.04.28"]
[EventType "swiss"]
[EventRounds "9"]
[EventCountry "DEN"]
[SourceTitle "EXT 2018"]
[Source "ChessBase"]
[SourceDate "2017.10.13"]
[SourceVersion "1"]
[SourceVersionDate "2017.10.13"]
[SourceQuality "1"]

1. d4 Nf6 2. Nf3 g6 3. c4 Bg7 4. Nc3 d6 5. e4 0-0 6. Be2 e5 7. dxe5 dxe5 8. Qxd8 Rxd8 9. Bg5 Rf8 10. Bxf6 Bxf6 11. Nd5 Bd8 12. Nxe5 Re8 13. Ng4 Bxg4 14. Bxg4 Rxe4+ 15. Be2 Na6 16. Nc3 Re8 17. 0-0-0 c6 18. Bf3 Bg5+ 1/2-1/2

[Event "Copenhagen Challenge"]
[Site "Ballerup"]
[Date "2009.05.07"]
[Round "3"]
[White "Schmidt, Tommy B"]
[Black "Matthiesen, Arne"]
[Result "1/2-1/2"]
[WhiteElo "2167"]
[BlackElo "2349"]
[PlyCount "39"]
[EventDate "2009.05.06"]
[EventType "swiss"]
[EventRounds "9"]
[EventCountry "DEN"]
[SourceTitle "CBM 130 Extra"]
[Source "ChessBase"]
[SourceDate "2009.07.02"]
[SourceVersion "2"]
[SourceVersionDate "2009.07.15"]
[SourceQuality "1"]

1. d4 d5 2. c4 c6 3. Nf3 Nf6 4. e3 e6 5. b3 Nbd7 6. Bb2 Be7 7. Bd3 b6 8. 0-0 Bb7 9. Nc3 0-0 10. Qe2 h6 11. e4 Nxe4 12. Nxe4 dxe4 13. Qxe4 Nf6 14. Qe2 c5 15. Rad1 Qc7 16. dxc5 bxc5 17. Ne5 Rad8 18. Bb1 Rxd1 19. Rxd1 Rd8 20. Rxd8+ 1/2-1/2

[Event "Copenhagen Challenge"]
[Site "Ballerup"]
[Date "2009.05.06"]
[Round "1"]
[White "Schmidt, Tommy B"]
[Black "Danielsen, Henrik"]
[Result "0-1"]
[WhiteElo "2167"]
[BlackElo "2482"]
[PlyCount "102"]
[EventDate "2009.05.06"]
[EventType "swiss"]
[EventRounds "9"]
[EventCountry "DEN"]
[SourceTitle "CBM 130 Extra"]
[Source "ChessBase"]
[SourceDate "2009.07.02"]
[SourceVersion "2"]
[SourceVersionDate "2009.07.15"]
[SourceQuality "1"]

1. d4 d6 2. c4 f5 3. Nf3 Nf6 4. Nc3 g6 5. e3 Bg7 6. b4 a5 7. b5 e5 8. Be2 e4 9. Nd2 Be6 10. 0-0 0-0 11. a4 Nbd7 12. Ba3 Re8 13. Qc2 Bf7 14. Rac1 Nf8 15. Rfe1 h5 16. Nd5 Ne6 17. Nb3 h4 18. b6 cxb6 19. Nxf6+ Bxf6 20. Nd2 Qc7 21. Rb1 Nf8 22. Rb5 Nd7 23. Qa2 Rec8 24. Rc1 Kg7 25. Qb1 Ra7 26. f3 exf3 27. Bxf3 Re8 28. Qd3 Bg5 29. Nf1 Nf6 30. Qb3 Ra6 31. Rc3 Ne4 32. Rc2 Qd8 33. Rb2 Qd7 34. Qc2 Qc6 35. c5 bxc5 36. dxc5 dxc5 37. Bxc5 Bf6 38. Bd4 Bxd4 39. exd4 Qd6 40. Bxe4 Qxd4+ 41. Qf2 Rxe4 42. Rxb7 Qxf2+ 43. Kxf2 Rf4+ 44. Kg1 Rxa4 45. Nd2 Kf6 46. Nf3 Bd5 47. R2b6+ Rxb6 48. Rxb6+ Kg7 49. Ne5 Ra1+ 50. Kf2 Ra2+ 51. Ke3 Rxg2 0-1

[Event "Frederikssund DSU 100 years A"]
[Site "Frederikssund"]
[Date "2003.02.09"]
[Round "5"]
[White "Erichsen, Dan"]
[Black "Schmidt, Tommy B"]
[Result "0-1"]
[WhiteElo "2070"]
[BlackElo "2087"]
[PlyCount "70"]
[EventDate "2003.02.07"]
[EventType "tourn"]
[EventRounds "5"]
[EventCountry "DEN"]
[SourceTitle "EXT 2023"]
[Source "ChessBase"]
[SourceDate "2022.10.05"]
[SourceVersion "1"]
[SourceVersionDate "2022.10.05"]
[SourceQuality "1"]

1. e4 c5 2. Nf3 Nc6 3. d4 cxd4 4. Nxd4 Nf6 5. Nc3 d6 6. Bg5 Bd7 7. Qd2 Nxd4 8. Qxd4 Qa5 9. f4 Rc8 10. Be2 e5 11. Qe3 Be7 12. Rd1 Bc6 13. Bxf6 Bxf6 14. 0-0 exf4 15. Qxf4 0-0 16. Kh1 Be5 17. Qh4 Bxc3 18. bxc3 Qxc3 19. Bd3 g6 20. Rf6 Qe5 21. Rdf1 Bd7 22. R6f3 Rc5 23. a3 b5 24. Qf2 Qe7 25. Qd4 Qe5 26. Qf2 Be6 27. Qe1 Rc3 28. Qa1 Bd7 29. Rb1 Qc5 30. Rb4 a5 31. Rb3 Rxb3 32. cxb3 Be6 33. Qf1 b4 34. axb4 Qxb4 35. Bc2 Rc8 0-1

[Event "Hillerod NSU op"]
[Site "Hillerod"]
[Date "2003.01.04"]
[Round "3"]
[White "Danielsen, Heini"]
[Black "Schmidt, Tommy B"]
[Result "0-1"]
[WhiteElo "2116"]
[BlackElo "2066"]
[PlyCount "72"]
[EventDate "2003.01.03"]
[EventType "swiss"]
[EventRounds "5"]
[EventCountry "DEN"]
[SourceTitle "EXT 2023"]
[Source "ChessBase"]
[SourceDate "2022.10.05"]
[SourceVersion "1"]
[SourceVersionDate "2022.10.05"]
[SourceQuality "1"]

1. e4 c5 2. Nf3 Nc6 3. d4 cxd4 4. Nxd4 Nf6 5. Nc3 d6 6. Bg5 e6 7. Qd2 Be7 8. 0-0-0 0-0 9. f4 Nxd4 10. Qxd4 Qa5 11. Bd3 h6 12. Bh4 e5 13. fxe5 dxe5 14. Qe3 Be6 15. Rdf1 Nd5 16. exd5 Bxh4 17. Qxe5 Rae8 18. Qe4 Bg5+ 19. Kb1 f5 20. Qc4 Bd7 21. Re1 Rxe1+ 22. Rxe1 Rc8 23. Qb3 Bf6 24. d6+ Kh7 25. Rf1 Bxc3 26. bxc3 Rxc3 27. Qf7 Qb4+ 28. Kc1 Rxd3 29. Qxd7 Qd2+ 30. Kb1 Qb4+ 31. Kc1 Qa3+ 32. Kb1 Rd5 33. Rc1 Ra5 34. Rd1 Qxa2+ 35. Kc1 Qa1+ 36. Kd2 Rd5+ 0-1